000 00298nam a22001337a 4500
008 180922b xxu||||| |||| 00| 0 eng d
020 _a9780132559225
041 _aeng
080 _24th
_a610
100 _a4
101 _aSHM
245 _aMedical Law and Ethics
_cFremgen, B.F
942 _2udc
_cBK
999 _c48268
_d48268